Ayyub and Mamluk Sultans (Record no. 442)

MARC details
000 -LEADER
fixed length control field 00568nam a2200241 a 4500
020 ## - INTERNATIONAL STANDARD BOOK NUMBER
ISBN
082 00 - DEWEY DECIMAL CLASSIFICATION NUMBER
Classification number 962
Author Cutter SEL
100 ## - MAIN ENTRY--AUTHOR NAME
Author name Sell, Canon
245 ## - TITLE STATEMENT
Title Ayyub and Mamluk Sultans
260 ## - PUBLICATION, DISTRIBUTION, ETC. (IMPRINT)
Place of publication London
Name of publisher Church Missionary Society
Year of publication 1929
300 ## - PHYSICAL DESCRIPTION
Number of Pages 84p
500 ## - GENERAL NOTE
General note includes index and biblioraphy
505 2# - FORMATTED CONTENTS NOTE
Formatted contents note Index
650 ## - SUBJECT ADDED ENTRY--TOPICAL TERM
Topical Term Egypt-History-Ayyub
942 ## - ADDED ENTRY ELEMENTS (KOHA)
Koha item type Books
700 1# -
-- Sell, Canon
Holdings
Collection code Home library Current library Date acquired Cost, normal purchase price Full call number Accession Number Koha item type
  Henry Martyn Institute Library Henry Martyn Institute Library 05/30/2007 100.00 962 SEL 00546 Books
                   Copyright © 2026 | Henry Martyn Institute | Hyderabad | TS-500052 | INDIA | Implemented by hmi.edu.in
Hit-Count:

Powered by Koha